[Event "Niteroi op 3rd"]
[Site "Niteroi"]
[Date "2023.09.06"]
[Round "4"]
[White "Santiago, Mauro"]
[Black "Simas, Breno Matos"]
[Result "0-1"]
[WhiteElo "1473"]
[BlackElo "1756"]
[PlyCount "50"]
[EventDate "2023.09.04"]
[EventType "swiss"]
[EventRounds "9"]
[EventCountry "BRA"]
[SourceTitle "EXT 2024"]
[Source "ChessBase"]
[SourceDate "2023.10.10"]
[SourceVersion "1"]
[SourceVersionDate "2023.10.10"]
[SourceQuality "1"]

1. d4 Nf6 2. c4 g6 3. Nc3 d5 4. Nf3 Bg7 5. cxd5 Nxd5 6. e4 Nxc3 7. bxc3 c5 8. Bb2 0-0 9. Be2 Nc6 10. 0-0 Bg4 11. d5 Bxf3 12. dxc6 Bxe4 13. cxb7 Bxb7 14. Qxd8 Rfxd8 15. Rfd1 Be4 16. Rac1 Bd5 17. Ba3 Bxa2 18. Rxd8+ Rxd8 19. Bxc5 a5 20. Ra1 Rd2 21. Bf1 Bxc3 22. Rxa2 Rxa2 23. Bxe7 Ra1 24. g3 a4 25. Kg2 a3 0-1

[Event "Niteroi op 3rd"]
[Site "Niteroi"]
[Date "2023.09.05"]
[Round "3"]
[White "Haddad Filho, Paulo Ibrahim"]
[Black "Santiago, Mauro"]
[Result "1-0"]
[WhiteElo "1864"]
[BlackElo "1473"]
[PlyCount "101"]
[EventDate "2023.09.04"]
[EventType "swiss"]
[EventRounds "9"]
[EventCountry "BRA"]
[SourceTitle "EXT 2024"]
[Source "ChessBase"]
[SourceDate "2023.10.10"]
[SourceVersion "1"]
[SourceVersionDate "2023.10.10"]
[SourceQuality "1"]

1. e4 e6 2. d4 d5 3. Nd2 Nf6 4. e5 Nfd7 5. Bd3 c5 6. c3 cxd4 7. cxd4 Nc6 8. Ne2 Qb6 9. Nf3 f6 10. exf6 Nxf6 11. 0-0 Bd6 12. a3 Bd7 13. b4 0-0-0 14. Be3 Ng4 15. Bg5 Rdf8 16. h3 Rxf3 17. hxg4 Rff8 18. Be3 Qd8 19. Qc1 Kb8 20. Bg5 Qb6 21. Be3 Qd8 22. g3 e5 23. b5 Na5 24. Qc3 e4 25. Bc2 Bxg4 26. Nf4 Rxf4 27. Bxf4 Bxf4 28. gxf4 Bf3 29. Bd1 g5 30. Bxf3 exf3 31. Qxf3 Rf8 32. f5 Qd7 33. Rfe1 h6 34. Re5 Qxb5 35. Qxd5 Qxd5 36. Rxd5 Nc6 37. Re1 Kc7 38. Re6 h5 39. Rh6 h4 40. Rg6 Ne7 41. Rc5+ Kb8 42. Rxg5 b6 43. Re5 Nc6 44. Re4 h3 45. Rf4 Nd8 46. Rh5 Ne6 47. Re4 Ng7 48. Rg5 Ne8 49. f6 h2+ 50. Kxh2 Rh8+ 51. Kg2 1-0

[Event "Hebraica op 30th"]
[Site "Hebraica"]
[Date "2023.02.10"]
[Round "1"]
[White "Santiago, Mauro"]
[Black "De Morais, Lorenzo Grieco"]
[Result "1-0"]
[WhiteElo "1511"]
[BlackElo "1780"]
[PlyCount "33"]
[EventDate "2023.02.10"]
[EventType "swiss"]
[EventRounds "7"]
[EventCountry "BRA"]
[SourceTitle "CBM 212 Extra"]
[Source "ChessBase"]
[SourceDate "2023.03.31"]
[SourceVersion "1"]
[SourceVersionDate "2023.03.31"]
[SourceQuality "1"]

1. d4 d5 2. Nf3 Nf6 3. c4 e6 4. Bg5 Be7 5. e3 Nc6 6. Bd3 dxc4 7. Bxc4 h6 8. Bh4 Bb4+ 9. Nbd2 Na5 10. Qa4+ c6 11. Qxb4 g5 12. Bg3 g4 13. Ne5 Nxc4 14. Nexc4 Nd5 15. Qb3 Nb6 16. Nd6+ Kd7 17. Nxf7 1-0

[Event "Florianopolis op 8th"]
[Site "Florianopolis"]
[Date "2022.01.29"]
[Round "8"]
[White "Santiago, Mauro"]
[Black "Monici, Arthur Brecht De Fr"]
[Result "0-1"]
[WhiteElo "1602"]
[BlackElo "1295"]
[PlyCount "74"]
[EventDate "2022.01.24"]
[EventType "swiss"]
[EventRounds "10"]
[EventCountry "BRA"]
[SourceTitle "EXT 2023"]
[Source "ChessBase"]
[SourceDate "2022.10.05"]
[SourceVersion "1"]
[SourceVersionDate "2022.10.05"]
[SourceQuality "1"]

1. d4 d5 2. c4 c6 3. Nc3 Nf6 4. Nf3 dxc4 5. e4 b5 6. e5 Nd5 7. Be2 e6 8. 0-0 Be7 9. Ne4 h6 10. Ne1 Nd7 11. a4 Qb6 12. a5 Qb7 13. Bg4 c5 14. Bxe6 fxe6 15. Qh5+ Kd8 16. Nc2 Qc6 17. Nd6 Bxd6 18. exd6 Qxd6 19. dxc5 Qxc5 20. Qh4+ N7f6 21. Rd1 Ke8 22. Ne3 Kf7 23. Nxd5 exd5 24. Be3 Qe7 25. Qf4 Rf8 26. Rxd5 Qe6 27. Rad1 Kg8 28. Re5 Qg4 29. Qxg4 Nxg4 30. Rxb5 Nxe3 31. fxe3 Rf6 32. Rd8+ Rf8 33. Rd6 Bf5 34. h3 Rae8 35. Rb7 Rxe3 36. Rxa7 Re2 37. g4 Be4 0-1

[Event "Florianopolis op 8th"]
[Site "Florianopolis"]
[Date "2022.01.28"]
[Round "7"]
[White "Almeida Junior, Alvaro Alves de"]
[Black "Santiago, Mauro"]
[Result "1-0"]
[WhiteElo "2120"]
[BlackElo "1602"]
[PlyCount "55"]
[EventDate "2022.01.24"]
[EventType "swiss"]
[EventRounds "10"]
[EventCountry "BRA"]
[SourceTitle "EXT 2023"]
[Source "ChessBase"]
[SourceDate "2022.10.05"]
[SourceVersion "1"]
[SourceVersionDate "2022.10.05"]
[SourceQuality "1"]

1. e4 d6 2. d4 Nf6 3. Nc3 g6 4. f4 Bg7 5. Nf3 0-0 6. Bc4 e6 7. e5 Nfd7 8. Be3 d5 9. Bd3 Nb6 10. Qd2 Nc6 11. 0-0-0 Nb4 12. Be2 Bd7 13. g4 a5 14. h4 Na4 15. Kb1 Nxc3+ 16. Qxc3 b5 17. h5 Ra6 18. Qd2 Qe7 19. Nh4 Rfa8 20. f5 exf5 21. gxf5 gxf5 22. Rdg1 Kh8 23. Bg5 f6 24. Bxf6 Rxf6 25. exf6 Qxf6 26. Nf3 f4 27. Ne5 Be8 28. Bf3 1-0

[Event "Florianopolis op 8th"]
[Site "Florianopolis"]
[Date "2022.01.26"]
[Round "4"]
[White "Santiago, Mauro"]
[Black "Grundmann, Julia Cristhine"]
[Result "1-0"]
[WhiteElo "1602"]
[BlackElo "1183"]
[PlyCount "95"]
[EventDate "2022.01.24"]
[EventType "swiss"]
[EventRounds "10"]
[EventCountry "BRA"]
[SourceTitle "CBM 206 Extra"]
[Source "ChessBase"]
[SourceDate "2022.03.31"]
[SourceVersion "1"]
[SourceVersionDate "2022.03.31"]
[SourceQuality "1"]

1. d4 d5 2. c4 e6 3. Nc3 f5 4. g3 Nf6 5. Bg2 Nc6 6. Nf3 b6 7. cxd5 Nxd5 8. 0-0 Bb7 9. Nxd5 Qxd5 10. Ne5 Qd6 11. Qa4 Ke7 12. Nxc6+ Bxc6 13. Qxc6 Qxc6 14. Bxc6 Rc8 15. Bf4 Kf7 16. Rac1 Bd6 17. Rc2 Rhd8 18. e3 Kf6 19. Rfc1 a5 20. Bb5 Bxf4 21. gxf4 c5 22. dxc5 bxc5 23. f3 g5 24. e4 fxe4 25. fxe4 Rd4 26. fxg5+ Kxg5 27. Rxc5+ Rxc5 28. Rxc5+ Kf4 29. e5 h5 30. Rc4 Rxc4 31. Bxc4 Kxe5 32. Kf2 Kf5 33. Kf3 e5 34. Bd3+ Kf6 35. h4 Ke6 36. Ke4 Kf6 37. Be2 Ke6 38. Bxh5 Kf6 39. b3 Ke6 40. Bg4+ Kf6 41. h5 Kg5 42. Bf3 Kf6 43. h6 Kg6 44. Kxe5 Kxh6 45. Kd5 Kg7 46. Kc5 Kf8 47. Kb5 Ke7 48. Kxa5 1-0

[Event "Florianopolis op 8th"]
[Site "Florianopolis"]
[Date "2022.01.24"]
[Round "1"]
[White "Mendes Domingues, Ribeiro Matheus"]
[Black "Santiago, Mauro"]
[Result "1-0"]
[WhiteElo "2128"]
[BlackElo "1602"]
[PlyCount "75"]
[EventDate "2022.01.24"]
[EventType "swiss"]
[EventRounds "10"]
[EventCountry "BRA"]
[SourceTitle "CBM 206 Extra"]
[Source "ChessBase"]
[SourceDate "2022.03.31"]
[SourceVersion "1"]
[SourceVersionDate "2022.03.31"]
[SourceQuality "1"]

1. c4 Nf6 2. Nc3 e5 3. Nf3 d6 4. g3 Be7 5. Bg2 0-0 6. 0-0 c5 7. a3 Bf5 8. b4 Nc6 9. d3 cxb4 10. axb4 Nxb4 11. Qb3 d5 12. cxd5 e4 13. Nd4 Bg6 14. dxe4 Qb6 15. Ndb5 Bc5 16. Ba3 a5 17. Rac1 Nd7 18. e3 Rac8 19. Rfd1 Ne5 20. Nd4 Rfd8 21. Na4 Qd6 22. Nb5 Qd7 23. Rxc5 Rxc5 24. Nxc5 Qxb5 25. Bxb4 axb4 26. Nd3 Nxd3 27. Qxd3 Qxd3 28. Rxd3 Rc8 29. h4 h5 30. Rd4 b3 31. Rb4 Rc3 32. d6 f6 33. Rxb7 Be8 34. Bh3 Rd3 35. d7 Bxd7 36. Bxd7 Rd6 37. Bf5 Rd3 38. Rxb3 1-0